The Learning Revolution : The Challenge of Information Technology in the Academy /
Gorde:
| Egile nagusia: | |
|---|---|
| Beste egile batzuk: | |
| Formatua: | Liburua |
| Hizkuntza: | ingelesa |
| Argitaratua: |
Bolton, EUA :
Anker,
1997, c1997
|
| Gaiak: | |
| Etiketak: |
Etiketarik gabe, Izan zaitez lehena erregistro honi etiketa jartzen!
|
MARC
| LEADER | 00000nam^a2200000^a^4500 | ||
|---|---|---|---|
| 001 | 000183555 | ||
| 005 | 20250521000000.0 | ||
| 009 | 20260310102044.774 | ||
| 020 | |a 1-882982-17-7 | ||
| 037 | |a Acervo ITESO - Biblioteca | ||
| 041 | |a ING | ||
| 082 | |a 378. 1734 |b OBL | ||
| 100 | |a Oblinger, Diana G. |e (ed.) | ||
| 245 | 1 | 4 | |a The Learning Revolution : |b The Challenge of Information Technology in the Academy / |c Ed. de D.G. Oblinger, S.C. Rush. |
| 264 | 4 | |a Bolton, EUA : |b Anker, |c 1997, c1997 | |
| 300 | |a XVI, 251 p. | ||
| 336 | |a texto |b txt |2 rdacontenido | ||
| 337 | |a sin mediación |b n |2 rdamedio | ||
| 338 | |a volumen |b nc |2 rdasoporte | ||
| 649 | |a XX | ||
| 650 | |a Bibliotecas Digitales | ||
| 650 | |a Internet - |x Función Educativa-Cultural | ||
| 650 | |a Computadoras en la Educación | ||
| 650 | |a Medios Audiovisuales en la Educación | ||
| 650 | |a Tecnologías de Comunicación e Información | ||
| 650 | |a Apoyos Didácticos | ||
| 650 | |a Didáctica | ||
| 650 | |a Currículo | ||
| 650 | |a Innovación Educativa | ||
| 650 | |a Comunicación Educativa | ||
| 650 | |a Tecnología Educativa | ||
| 650 | |a Metodología Educativa | ||
| 650 | |a Proceso Educativo | ||
| 650 | |a Ingeniería Computacional | ||
| 650 | |a Educación a Distancia | ||
| 650 | |a Educación Superior | ||
| 700 | |a Rush, Sean C. |e (edición) | ||
| 910 | |a Fondo General | ||
| 920 | |a Impresos - Libros | ||
| 930 | |a Colección General | ||
| 905 | |a 101 | ||
| 901 | |a 0500123854 |b IT1 |c ACC |u 20250521 | ||
| 902 | |a https://opac.biblio.iteso.mx/vufind/Record/000183555 | ||